|
|
|
|
| LEADER |
00909cam a2200277 7i4500 |
| 001 |
0000035385 |
| 005 |
20190107090000.0 |
| 007 |
##ta |
| 008 |
190107s2018 qea 0 1 0 eng |
| 020 |
# |
# |
|a 9780730345770
|
| 040 |
# |
# |
|a MATR
|
| 090 |
0 |
0 |
|a B 658.872
|b COL
|
| 100 |
1 |
# |
|a Coles, Linda
|e author
|
| 245 |
0 |
0 |
|a SOCIAL MEDIA FOR BUSINESS :
|b FOOLPROOF TIPS TO HELP YOU PROMOTE YOUR BUSINESS OR YOUR BRAND
|c Linda Coles, best-selling author and Linkedin Influencer.
|
| 250 |
0 |
0 |
|a New edition.
|
| 264 |
# |
1 |
|a Milton, Qld ::
|b Wiley,
|c 2018.
|
| 300 |
# |
# |
|a xx, 242 pages;
|c 22 cm.
|
| 336 |
# |
# |
|a text
|2 rdacontent
|
| 337 |
# |
# |
|a unmediated
|2 rdamedia
|
| 338 |
# |
# |
|a volume
|2 rdacarrier
|
| 504 |
# |
# |
|a Includes index
|
| 650 |
# |
0 |
|a Marketing --
|x Social aspects
|
| 650 |
# |
0 |
|a Business networks
|
| 650 |
# |
0 |
|a Social media
|
| 650 |
# |
0 |
|a Internet marketing
|
| 999 |
|
|
|a B000040395
|b Book
|c Book
|e Business Information Centre
|